| 000 | 00000nam 2200000za 4500 |
| 001 | 9.816936 |
| 003 | CaOODSP |
| 005 | 20221107142347 |
| 007 | cr ||||||||||| |
| 008 | 160505s2006 onc |o f|0| 0 fre d |
| 020 | |z0-662-49002-9 |
| 040 | |aCaOODSP|bfre |
| 043 | |an-cn--- |
| 086 | 1 |aSG5-1/2006F-PDF |
| 245 | 00|aNos normes de service |h[ressource électronique]. |
| 260 | |a[Ottawa] : |bService Canada, |c2006. |
| 300 | |a[1] p. : |bphotos. |
| 500 | |aPubli. aussi en anglais sous le titre : Our service standards. |
| 500 | |a1 feuille (texte français, [1] p.) |
| 500 | |aLe n° de catalogue (SG5-1/2006) et l’ISBN (0-662-49002-9) de l'édition imprimée ont été copiés dans l’édition électronique. |
| 692 | 07|2gccst|aService |
| 710 | 1 |aCanada. |bService Canada. |
| 775 | 08|tOur service standards |w(CaOODSP)9.816934 |
| 856 | 40|qPDF|s206 Ko|uhttps://publications.gc.ca/collections/collection_2016/servcan/SG5-1-2006-fra.pdf |
| 986 | |aSC-209-07-06 |